Sư già chùa Thắm và ông đại tá về hưu Tiểu thuyết

Αποθηκεύτηκε σε:
Λεπτομέρειες βιβλιογραφικής εγγραφής
Κύριος συγγραφέας: Nguyễn Khải nhà văn
Μορφή: Βιβλίο
Γλώσσα:Undetermined
Έκδοση: Hà Nội Hội nhà văn 1993
Θέματα:
Ετικέτες: Προσθήκη ετικέτας
Δεν υπάρχουν, Καταχωρήστε ετικέτα πρώτοι!
Thư viện lưu trữ: Trung tâm Học liệu Trường Đại học Cần Thơ
LEADER 00577nam a2200181Ia 4500
001 CTU_32447
008 210402s9999 xx 000 0 und d
082 |a 895.922333 
082 |b Kh103s 
100 |a Nguyễn Khải nhà văn 
245 0 |a Sư già chùa Thắm và ông đại tá về hưu 
245 0 |b Tiểu thuyết 
245 0 |c Nguyễn Khải nhà văn 
260 |a Hà Nội 
260 |b Hội nhà văn 
260 |c 1993 
650 |a vietnamese fiction - 20th century 
980 |a Trung tâm Học liệu Trường Đại học Cần Thơ